Pozycja Corporate Name
Liczba rekordów, w których użyto hasła: 1
001 - Numer kontrolny
- control field: 40871
003 - Identyfikator numeru kontrolnego
- control field: NUKAT
005 - Data i czas ostatniej modyfikacji
- control field: 20260429125129.0
008 - Dane kontrolne kodowane (40 znaków)
- fixed length control field: 140117n||azznnbabn |a ana |c
010 ## - Numer kontrolny Biblioteki Kongresu
- numer kontrolny LC: p 2014003495
024 7# - OTHER STANDARD IDENTIFIER
- Standard number or code: 133764880
- Source of number or code: viaf
035 ## - Numer systemowy
- numer systemowy: a27761599
035 ## - Numer systemowy
- numer systemowy: (PL)a0000002776159
040 ## - Instytucja sporządzająca rekord
- inst. przygot. dane do rek. khw: WA N
- język haseł przedmiotowych/tezaurus: DBN
- inst. wprow. rek. khw: WA N
043 ## - Kod obszaru geograficznego
- ISO code: PL
110 2# - Hasło - nazwa ciała zbiorowego
- nazwa ciała zbior. lub geogr. na pocz.: Wojska Ochrony Pogranicza
370 ## - Associated place
- Country: Polska
377 ## - Assoc lang
- Lang code: pol
410 2# - Trop zob. - nazwa ciała zbiorowego
- nazwa ciała zbior. lub geogr. na pocz.: WOP
410 1# - Trop zob. - nazwa ciała zbiorowego
- nazwa ciała zbior. lub geogr. na pocz.: Polska.
- nazwa jednostki podrzędnej: Wojska Ochrony Pogranicza
510 2# - Trop zob. też - nazwa ciała zbiorowego
- nazwa ciała zbior. lub geogr. na pocz.: Departament Wojsk Ochrony Pogranicza (Ministerstwo Obrony Narodowej ; Polska)
510 2# - Trop zob. też - nazwa ciała zbiorowego
- nazwa ciała zbior. lub geogr. na pocz.: Szkoła Specjalistów Morskich WOP (Gdańsk)
510 2# - Trop zob. też - nazwa ciała zbiorowego
- podpole kontrolne: h
- nazwa ciała zbior. lub geogr. na pocz.: Bałtycka Brygada (Wojska Ochrony Pogranicza)
510 2# - Trop zob. też - nazwa ciała zbiorowego
- podpole kontrolne: h
- nazwa ciała zbior. lub geogr. na pocz.: Bieszczadzka Brygada (Wojska Ochrony Pogranicza)
510 2# - Trop zob. też - nazwa ciała zbiorowego
- podpole kontrolne: h
- nazwa ciała zbior. lub geogr. na pocz.: 2 Poznański Oddział (Wojska Ochrony Pogranicza)
510 2# - Trop zob. też - nazwa ciała zbiorowego
- podpole kontrolne: h
- nazwa ciała zbior. lub geogr. na pocz.: 4 Brygada (Wojska Ochrony Pogranicza)
510 2# - Trop zob. też - nazwa ciała zbiorowego
- podpole kontrolne: h
- nazwa ciała zbior. lub geogr. na pocz.: 5 Mazurski Oddział (Wojska Ochrony Pogranicza)
510 2# - Trop zob. też - nazwa ciała zbiorowego
- podpole kontrolne: h
- nazwa ciała zbior. lub geogr. na pocz.: 15 Bałtycka Brygada (Wojska Ochrony Pogranicza)
510 2# - Trop zob. też - nazwa ciała zbiorowego
- podpole kontrolne: h
- nazwa ciała zbior. lub geogr. na pocz.: 15 Brygada (Wojska Ochrony Pogranicza)
510 2# - Trop zob. też - nazwa ciała zbiorowego
- podpole kontrolne: h
- nazwa ciała zbior. lub geogr. na pocz.: Pomorska Brygada (Wojska Ochrony Pogranicza)
510 2# - Trop zob. też - nazwa ciała zbiorowego
- podpole kontrolne: h
- nazwa ciała zbior. lub geogr. na pocz.: Samodzielna Eskadra Lotnictwa Rozpoznawczego (Wojska Ochrony Pogranicza)
510 2# - Trop zob. też - nazwa ciała zbiorowego
- podpole kontrolne: h
- nazwa ciała zbior. lub geogr. na pocz.: Zarząd Polityczny (Wojska Ochrony Pogranicza)
510 2# - Trop zob. też - nazwa ciała zbiorowego
- podpole kontrolne: h
- nazwa ciała zbior. lub geogr. na pocz.: Zwiad (Wojska Ochrony Pogranicza)
670 ## - Źródło informacji
- źródło informacji: Wojska Ochrony Pogranicza 1945-1991 : krótki informator historyczny / Zenon Jackiewicz. - Kętrzyn, 1998.
670 ## - Źródło informacji
- źródło informacji: Wikipedia